Reciprocating Pumps /

সংরক্ষণ করুন:
গ্রন্থ-পঞ্জীর বিবরন
প্রধান লেখক: Henshaw, Terry L.
বিন্যাস: Sách giấy
ভাষা:English
প্রকাশিত: New York : Van Nostrand Reinhold, 1987
ট্যাগগুলো: ট্যাগ যুক্ত করুন
কোনো ট্যাগ নেই, প্রথমজন হিসাবে ট্যাগ করুন!
Thư viện lưu trữ: Thư viện Trường Đại học Đà Lạt
LEADER 00536nam a2200229 4500
001 DLU020000455
005 ##12/18/1998
041 # # |a eng 
082 # # |a 621.65  |b HE-T 
100 # # |a Henshaw, Terry L. 
245 # # |a Reciprocating Pumps /  |c Terry L. Henshaw  
260 # # |a New York :  |b Van Nostrand Reinhold,  |c 1987 
300 # # |a XX, 329 tr.;  |c 23 cm. 
992 # # |a 10000 
994 # # |a DLU 
900 # # |a False 
911 # # |a Administrator 
925 # # |a G 
926 # # |a A 
927 # # |a SH 
980 # # |a Thư viện Trường Đại học Đà Lạt